000 01178nam a2200205Ia 4500
008 220216s9999 xx 000 0 und d
100 _aVivehananthan K
245 0 _aDevelopment of molecular markers to detect genetic polymorphism of Hevea clones
260 _bAgrieast
_c2001
300 _a15-Sep
520 _aIt is useful to identify the genetic variation among the Hevea genotypes in rubber breeding and selection. Studies were conducted to identify RFLP markers for the detection of genetic variation of rubber clones recommended for planting by the Rubber Research Institute of Sri Lanka. Putative repetitive DNA sequences previously identified from a Hevea genomic library were used, to probe genomic blots derived by digesting with six restriction enzymes. DNA probes used in this study revealed genetic polymorphism among Hevea clones studied. Clear genetic differences were identified in clones RRIC 102, RRIC 121 and GPS 1 (42-559).
650 _aGenetic polymorphism
650 _aHevea brasiliensis
650 _aMolecular markers
650 _aRFLP
700 _aAttanayaka D P S T G
700 _aKarunanayake E H
856 _uReprint
942 _cJS
999 _c57019
_d57019